Common Lisp / Wade L. Hennessey (Registro nro. 12094)
[ vista simple ]
| 000 -LÍDER | |
|---|---|
| fixed length control field | 00491nam a2200157 4500 |
| 008 - ELEMENTOS DE LONGITUD FIJA -- INFORMACIÓN GENERAL | |
| fixed length control field | 0 1989 0a 000 0SIN |
| 020 ## - NÚMERO INTERNACIONAL NORMALIZADO PARA LIBROS | |
| ISBN | 0-07-100394-0 |
| 050 ## - SIGNATURA TOPOGRAFICA DE LA BIBLIOTECA DEL CONGRESO (LC) | |
| Número de Clasificación | QA76.73 L23 H48 |
| 082 ## - NUMERO DE CLASIFICACION DECIMAL DEWEY | |
| Número de Clasificación | 001.642.4 H765c |
| 100 ## - ASIENTO PRINCIPAL--NOMBRE PERSONAL | |
| Nombre personal | Hennessey, Wade L. |
| 245 ## - TÍTULO | |
| Título | Common Lisp / Wade L. Hennessey |
| 260 ## - PUBLICACIÓN, DISTRIBUCIÓN, ETC. (PIE DE IMPRENTA) | |
| Lugar de publicación, distribución, etc. | Singapore : McGraw-Hill |
| 300 ## - DESCRIPCIÓN FÍSICA | |
| Extensión | xv, 395 p. / 24 cm. |
| 500 ## - NOTA GENERAL | |
| Nota general | Incluye bibliografía, índice. |
| 650 ## - ASIENTO SECUNDARIO DE MATERIA - TERMINO TEMÁTICO | |
| Término temático o nombre geográfico como elemento de entrada | 1.COMMON LISP (LENGUAJE DE PROGRAMACIÓN PARA COMPUTADORAS) |
| No. biblioteca | No. biblioteca | Número de clasificación | Código de barras/Número de adquisición | Número de copia | Tipo de material |
|---|---|---|---|---|---|
| LUIS G. INCLAN | LUIS G. INCLAN | 001.642.4 H765c | 15231 | 1 | Libros |
| LUIS G. INCLAN | LUIS G. INCLAN | 001.642.4 H765c | 15232 | 2 | Libros |
| LUIS G. INCLAN | LUIS G. INCLAN | 001.642.4 H765c | 15233 | 3 | Libros |
| LUIS G. INCLAN | LUIS G. INCLAN | 001.642.4 H765c | 15234 | 4 | Libros |
| LUIS G. INCLAN | LUIS G. INCLAN | 001.642.4 H765c | 15235 | 5 | Libros |
| LUIS G. INCLAN | LUIS G. INCLAN | 001.642.4 H765c | 15236 | 6 | Libros |
| LUIS G. INCLAN | LUIS G. INCLAN | 001.642.4 H765c | 15237 | 7 | Libros |
